| 000 | 02479nam a2200361 i 4500 | ||
|---|---|---|---|
| 001 | 000047545 | ||
| 003 | DO-SdBNP | ||
| 005 | 20231004133250.0 | ||
| 007 | ta | ||
| 008 | 090630s2011 dr r 000 0 spa d | ||
| 020 | _a9789945443738 | ||
| 040 |
_aDO-SdBNP _bspa _cBNPHU _erda |
||
| 082 | 4 |
_a330.97293 _bC744n, 2010 _222 |
|
| 111 | 2 |
_aConcurso Biblioteca Juan Pablo Duarte _d(2010 : _96999 _cSanto Domingo) |
|
| 245 | 1 | 0 |
_aNueva literatura económica dominicana : _bpremios del Concurso de Economía Biblioteca "Juan Pablo Duarte" 2010 / _cedición, Elvin Francis Soto. |
| 264 |
_aSanto Domingo : _bBanco Central de la República Dominicana, _c2011. |
||
| 300 |
_axv, 274 páginas ; _c23 cm. |
||
| 336 |
_2rdacontent _atexto _btxt |
||
| 337 |
_2rdamedia _asin mediación _bn |
||
| 338 |
_2rdacarrier _avolumen _bnc |
||
| 490 |
_aBanco Central de la República Dominicana ; _v166 _aNueva literatura económica dominicana ; _v14 |
||
| 500 | _aIncluye referencias bibliográficas y notas al pie de las páginas | ||
| 505 | 0 |
_aPresentación -- _tIntroducción -- _gPrimera parte -- _tEstructura de plazos de las tasas de interés en República Dominicana : impacto de los factores macroeconómicos tradicionales y del sistema de capitalización individual / _rRaúl E. Hernández Báez -- _gSegunda parte : _tTraspaso de la política monetaria a las tasas de interés de mercado y sus efectos en el sector real. Evidencia para República Dominicana / _rJoel A. González Pantaleón -- _gTercera parte : _tDesajuste educativo : Incidencia y efecto sobre los salarios y la pruductividad, 2010-2014/ _rPerturbaciones externas y cambios de la política económica de República Dominicana para el período 1998-2009 / _rFrancisco Alberto Ramírez de León . _gCuarta parte : _tEl capital y el crecimiento económico un caso de estudio para América Latina y el Caribe/ _rEmilia Carolina Díaz Moreno. |
|
| 586 | _aPremios de la Biblioteca ¨Juan Pablo Duarte¨ 2010 | ||
| 590 | _aInventariado, 2018/ VM | ||
| 650 | 4 |
_aFinanzas _xRepública Dominicana _vCongresos, conferencias, etc _975161 |
|
| 651 | 4 |
_aRepública Dominicana _xCondiciones económicas _vCongresos, conferencias, etc. _97000 |
|
| 651 | 4 |
_aPolítica monetaria _xRepública Dominicana _vCongresos, conferencias, etc. _975166 |
|
| 700 | 1 |
_aSoto, Elvin Francis, _eedición _975168 |
|
| 710 | 2 |
_aBanco Central de la República Dominicana. _bDepartamento Cultural. _97006 |
|
| 910 | _aValidado. Control de calidad MFF | ||
| 942 |
_2ddc _cLBS1 |
||
| 999 |
_c47033 _d47033 |
||